zpět

Detail výsledku týmu

Chicago Bar & Grill ČT, Liberec

Datum a čas kvízu

31 Celkem bodů Celkový počet nahraných bodů na tomto kvízu bez doplňovacích otázek.
5. Pořadí na kvízu Konečné umístění týmu na tomto kvízu.

Zaznamenané odpovědi

# Otázka Odpověď Body Výsledky
1. Prezident Pavel si při své dvo... TON 1
2. V minulém týdnu se objevila zp... A 0
3. Ve čtvrtek proběhlo předávání... Hella, Alena Machoninová 0
4. České vývojářské studio Warhor... Kingdom Come: Deliverance 0
5. Ligová fotbalová asociace zveř... Chance 0
6. Bolívie má, stejně jako několi... Sucre; La Paz 0.5
7. Chemický prvek hafnium dostal... o Kodaň 1
8. Zatímco některé země mají hlav... o Nauru 0
9. Které malebné hlavní město lež... Tallinn 1
10. Napište, které hlavní město (s... Reykjavík; Wellington 1